Presidents with 5 letter last names - Statistics

General Stats
  • This quiz has been taken 61 times
  • The average score is 7 of 8
Answer Stats
Hint Answer % Correct
2009-2017 Barack Obama
100%
2017- Donald Trump
100%
1969-1974 Richard Nixon
96%
1797-1801 John Adams
92%
1825-1829 John Quincy Adams
92%
1869-1877 Ulysses S. Grant
76%
1841-1845 John Tyler
69%
1877-1881 Rutherford B. Hayes
59%
No matching quizzes found
Score Distribution
Percent of People with Each Score
Percentile by Number Answered
Your Score History
You have not taken this quiz